| 000 | 01266nam a2200361Ia 4500 | ||
|---|---|---|---|
| 001 | Z_6517 | ||
| 003 | CHAP | ||
| 005 | 20231128184329.0 | ||
| 008 | 220113s2010 xx 000 0 und d | ||
| 010 | _a169784 | ||
| 040 | _cCHAP | ||
| 090 | _aTesis S47 2280 | ||
| 100 |
_aSerrano Paez, Juan Enrique. _9105232 |
||
| 245 |
_aModificación de perfil lipídico del huevo de gallina de postura suplementadas con cobre y cromo / _cJuan Enrique Serrano Paez. |
||
| 260 |
_aMéxico : _bEl autor, _c2010 |
||
| 300 | _aCD | ||
| 502 | _aTesis (Ingeniero Agrónomo Especialista en Zootecnia) -- UACh, 2010 \ Dirección: Mariano Jesús González Alcorta; asesoría: Maximino Huerta Bravo y Agustín Ruíz Flores | ||
| 650 | _aAcidos grasos | ||
| 650 |
_aAves _xgallinas _9144982 |
||
| 650 |
_aCobre _924185 |
||
| 650 |
_aCromo _929148 |
||
| 650 |
_aGallinas de postura _9143472 |
||
| 650 |
_aOmega 3 _9145034 |
||
| 700 |
_a Huerta Bravo, Maximino, asesor _9137843 |
||
| 700 |
_a Ruíz Flores, Agustín, asesor. _9142674 |
||
| 700 |
_aGonzález Alcorta, Mariano Jesús, director _9144549 |
||
| 856 | 4 | 2 |
_uhttp://10.13.5.2/tesis/111955.pdf _yDescargar PDF |
| 901 | _aTESIS S47 2280 | ||
| 902 | _aA | ||
| 910 | _a2010 | ||
| 942 |
_c2 _2ddc |
||
| 942 |
_c2 _2ddc |
||
| 999 |
_c169784 _d169784 |
||